Normal view
MARC view
- Toumazou, C Battersby, N. Chughes, J. B
Entry Personal Name
001 - CONTROL NUMBER
- control field: 76110
003 - CONTROL NUMBER IDENTIFIER
- control field: NUST
005 - DATE AND TIME OF LATEST TRANSACTION
- control field: 20210628205559.0
008 - FIXED-LENGTH DATA ELEMENTS
- fixed length control field: 210628|| aca||aabn | a|a d
040 ## - CATALOGING SOURCE
- Original cataloging agency: NUST
- Transcribing agency: NUST
100 ## - HEADING--PERSONAL NAME
- Personal name: Toumazou, C Battersby, N. Chughes, J. B
670 ## - SOURCE DATA FOUND
- Source citation: Work cat.: (NUST): Toumazou, C Battersby, N. Chughes, J. B, Switched currents an analogue technique for digital technology, 1993
